[Event "DVM U20 2016"]
[Site "Borken-Gemen GER"]
[Date "2016.12.29"]
[Round "6"]
[White "Noe, Christopher"]
[Black "Grimm, Julius"]
[Result "1/2-1/2"]
[Termination "normal"]
[Board "2.1"]
[WhiteTitle "IM"]
[WhiteElo "2434"]
[BlackElo "2281"]
[WhiteClock "00:02:08"]
[BlackClock "00:02:37"]
[WhiteTeam "SC Eppingen"]
[BlackTeam "SF Darmstadt"]
[PlyCount "67"]
[WhiteFideId "24692018"]
[BlackFideId "12916986"]
[EventCountry "GER"]
[EventRounds "7"]
[EventType "team-swiss"]
[EventDate "2016.12.26"]

1. d4 {[%clk 1:30:57]} Nf6 {[%clk 1:30:42]} 2. c4 {[%clk 1:31:24]} e6 {[%clk
1:31:04]} 3. Nf3 {[%clk 1:31:51]} d5 {[%clk 1:31:18]} 4. Nc3 {[%clk 1:32:09]}
Bb4 {[%clk 1:31:05]} 5. a3 {[%clk 1:27:56]} Bxc3+ {[%clk 1:30:50]} 6. bxc3
{[%clk 1:28:25]} c5 {[%clk 1:26:09]} 7. e3 {[%clk 1:27:35]} O-O {[%clk
1:25:49]} 8. Bd3 {[%clk 1:22:53]} Qc7 {[%clk 1:23:56]} 9. Qc2 {[%clk 1:17:34]}
dxc4 {[%clk 1:20:08]} 10. Bxc4 {[%clk 1:17:46]} Nc6 {[%clk 1:20:07]} 11. O-O
{[%clk 1:17:30]} e5 {[%clk 1:18:31]} 12. Bb5 {[%clk 1:04:24]} e4 {[%clk
1:09:43]} 13. Ng5 {[%clk 1:04:41]} a6 {[%clk 1:04:17]} 14. Bc4 {[%clk 0:57:50]}
b5 {[%clk 0:59:36]} 15. Ba2 {[%clk 0:58:01]} Bf5 {[%clk 0:57:26]} 16. f3 {[%clk
0:57:24]} Qe7 {[%clk 0:47:48]} 17. Bb1 {[%clk 0:42:36]} Bg6 {[%clk 0:43:18]}
18. Nxe4 {[%clk 0:42:42]} Nxe4 {[%clk 0:36:30]} 19. fxe4 {[%clk 0:43:07]} Na5
{[%clk 0:36:52]} 20. Rf4 {[%clk 0:40:29]} Rfe8 {[%clk 0:30:53]} 21. Qa2 {[%clk
0:29:56]} c4 {[%clk 0:27:53]} 22. e5 {[%clk 0:29:25]} Nb3 {[%clk 0:25:07]} 23.
Bxg6 {[%clk 0:29:51]} hxg6 {[%clk 0:25:22]} 24. Rb1 {[%clk 0:30:16]} Nxc1
{[%clk 0:24:35]} 25. Rxc1 {[%clk 0:30:43]} f6 {[%clk 0:24:58]} 26. Rcf1 {[%clk
0:22:19]} fxe5 {[%clk 0:21:20]} 27. Re4 {[%clk 0:22:45]} Qb7 {[%clk 0:13:42]}
28. Qc2 {[%clk 0:10:32]} exd4 {[%clk 0:09:44]} 29. Rxe8+ {[%clk 0:10:59]} Rxe8
{[%clk 0:10:06]} 30. exd4 {[%clk 0:11:12]} Re4 {[%clk 0:07:56]} 31. Qf2 {[%clk
0:09:53]} Qe7 {[%clk 0:07:22]} 32. Qg3 {[%clk 0:05:53]} Re2 {[%clk 0:04:05]}
33. h3 {[%clk 0:03:22]} Kh7 {[%clk 0:02:37]} 34. Rf4 {[%clk 0:02:08]} 1/2-1/2

[Event "DVM U20 2016"]
[Site "Borken-Gemen GER"]
[Date "2016.12.29"]
[Round "6"]
[White "Nothnagel, Marian Can"]
[Black "Hacker, Jonas"]
[Result "1/2-1/2"]
[Termination "normal"]
[Board "2.2"]
[BlackTitle "FM"]
[WhiteElo "2061"]
[BlackElo "2369"]
[WhiteClock "00:02:39"]
[BlackClock "00:00:44"]
[WhiteTeam "SF Darmstadt"]
[BlackTeam "SC Eppingen"]
[PlyCount "123"]
[WhiteFideId "12921530"]
[BlackFideId "1270968"]
[EventCountry "GER"]
[EventRounds "7"]
[EventType "team-swiss"]
[EventDate "2016.12.26"]

1. e4 {[%clk 1:30:59]} e5 {[%clk 1:30:54]} 2. Nf3 {[%clk 1:31:24]} Nc6 {[%clk
1:31:20]} 3. Bc4 {[%clk 1:31:06]} Nf6 {[%clk 1:31:43]} 4. d3 {[%clk 1:31:31]}
Be7 {[%clk 1:32:03]} 5. c3 {[%clk 1:31:25]} O-O {[%clk 1:32:13]} 6. O-O {[%clk
1:31:51]} d6 {[%clk 1:32:19]} 7. Nbd2 {[%clk 1:31:54]} Na5 {[%clk 1:32:04]} 8.
Bb5 {[%clk 1:32:19]} a6 {[%clk 1:32:23]} 9. Ba4 {[%clk 1:32:45]} b5 {[%clk
1:32:47]} 10. Bc2 {[%clk 1:33:12]} c5 {[%clk 1:32:42]} 11. Re1 {[%clk 1:33:16]}
Nc6 {[%clk 1:33:03]} 12. Nf1 {[%clk 1:33:39]} Re8 {[%clk 1:27:26]} 13. Ng3
{[%clk 1:32:19]} Bf8 {[%clk 1:24:47]} 14. h3 {[%clk 1:23:47]} g6 {[%clk
1:18:59]} 15. a4 {[%clk 1:23:52]} Bb7 {[%clk 1:13:07]} 16. Bg5 {[%clk 1:15:36]}
h6 {[%clk 1:11:17]} 17. Be3 {[%clk 1:14:27]} d5 {[%clk 1:09:52]} 18. Qc1 {[%clk
1:10:17]} Kh7 {[%clk 1:09:37]} 19. exd5 {[%clk 1:09:05]} Nxd5 {[%clk 1:08:48]}
20. Ne4 {[%clk 1:09:08]} Nxe3 {[%clk 1:02:47]} 21. Qxe3 {[%clk 1:09:34]} Qe7
{[%clk 0:58:19]} 22. Qe2 {[%clk 1:02:17]} Rad8 {[%clk 0:48:48]} 23. Ng3 {[%clk
0:39:19]} Kh8 {[%clk 0:38:22]} 24. Rad1 {[%clk 0:33:40]} Bg7 {[%clk 0:36:50]}
25. axb5 {[%clk 0:31:47]} axb5 {[%clk 0:37:11]} 26. d4 {[%clk 0:32:11]} cxd4
{[%clk 0:25:05]} 27. Qxb5 {[%clk 0:31:56]} dxc3 {[%clk 0:22:30]} 28. bxc3
{[%clk 0:31:45]} Na7 {[%clk 0:19:41]} 29. Qe2 {[%clk 0:30:38]} Rxd1 {[%clk
0:18:13]} 30. Qxd1 {[%clk 0:29:49]} f5 {[%clk 0:17:06]} 31. Qe2 {[%clk
0:11:54]} Nc6 {[%clk 0:12:40]} 32. Ba4 {[%clk 0:06:31]} e4 {[%clk 0:11:14]} 33.
Bxc6 {[%clk 0:06:58]} Bxc6 {[%clk 0:11:27]} 34. Nd4 {[%clk 0:07:25]} Ba8 {[%clk
0:11:02]} 35. Qe3 {[%clk 0:07:17]} Qf6 {[%clk 0:08:39]} 36. Qf4 {[%clk
0:06:12]} Rc8 {[%clk 0:08:09]} 37. Ra1 {[%clk 0:05:33]} Bd5 {[%clk 0:07:54]}
38. Nde2 {[%clk 0:04:54]} Bc4 {[%clk 0:06:38]} 39. Nd4 {[%clk 0:04:14]} Bd3
{[%clk 0:04:43]} 40. Rc1 {[%clk 0:04:31]} Kh7 {[%clk 0:01:46]} 41. Qd2 {[%clk
0:26:03]} Bc4 {[%clk 0:23:05]} 42. Ra1 {[%clk 0:22:47]} Bg8 {[%clk 0:20:09]}
43. Ra7 {[%clk 0:20:17]} Qe5 {[%clk 0:17:16]} 44. Nge2 {[%clk 0:14:49]} Rc7
{[%clk 0:14:35]} 45. Rxc7 {[%clk 0:14:20]} Qxc7 {[%clk 0:15:04]} 46. h4 {[%clk
0:14:07]} h5 {[%clk 0:09:55]} 47. Qg5 {[%clk 0:08:08]} Qd6 {[%clk 0:08:23]} 48.
Qf4 {[%clk 0:05:10]} Be5 {[%clk 0:08:28]} 49. Qe3 {[%clk 0:05:34]} Bc4 {[%clk
0:08:15]} 50. g3 {[%clk 0:04:22]} Bf6 {[%clk 0:05:12]} 51. Nf4 {[%clk 0:04:14]}
Be5 {[%clk 0:04:26]} 52. Nh3 {[%clk 0:04:32]} Qf6 {[%clk 0:03:35]} 53. Kg2
{[%clk 0:04:11]} Bd5 {[%clk 0:03:41]} 54. Kg1 {[%clk 0:04:30]} Qa6 {[%clk
0:02:56]} 55. Nf4 {[%clk 0:02:38]} Bf7 {[%clk 0:03:13]} 56. Kg2 {[%clk
0:02:36]} Qc4 {[%clk 0:03:11]} 57. Nde2 {[%clk 0:02:55]} Qc7 {[%clk 0:02:54]}
58. Nh3 {[%clk 0:03:19]} Bc4 {[%clk 0:02:37]} 59. Nef4 {[%clk 0:02:59]} Kg7
{[%clk 0:00:55]} 60. Ng5 {[%clk 0:02:17]} Bxf4 {[%clk 0:00:59]} 61. gxf4 {[%clk
0:02:39]} Bf7 {[%clk 0:00:44]} 62. Qd4+ 1/2-1/2

[Event "DVM U20 2016"]
[Site "Borken-Gemen GER"]
[Date "2016.12.29"]
[Round "6"]
[White "Gibicar, Danijel"]
[Black "Tibke, Jonas"]
[Result "0-1"]
[Termination "normal"]
[Board "2.3"]
[WhiteTitle "FM"]
[WhiteElo "2264"]
[BlackElo "1866"]
[WhiteClock "00:00:35"]
[BlackClock "00:22:19"]
[WhiteTeam "SC Eppingen"]
[BlackTeam "SF Darmstadt"]
[PlyCount "62"]
[WhiteFideId "24660256"]
[BlackFideId "12928356"]
[EventCountry "GER"]
[EventRounds "7"]
[EventType "team-swiss"]
[EventDate "2016.12.26"]

1. e4 {[%clk 1:30:48]} c6 {[%clk 1:30:53]} 2. d4 {[%clk 1:31:13]} d5 {[%clk
1:31:19]} 3. exd5 {[%clk 1:31:33]} cxd5 {[%clk 1:31:46]} 4. c4 {[%clk 1:31:55]}
Nf6 {[%clk 1:32:10]} 5. Nc3 {[%clk 1:32:19]} Nc6 {[%clk 1:32:34]} 6. Bg5 {[%clk
1:32:44]} Be6 {[%clk 1:31:24]} 7. Be2 {[%clk 1:29:13]} h6 {[%clk 1:30:53]} 8.
Bxf6 {[%clk 1:28:23]} exf6 {[%clk 1:31:19]} 9. Bf3 {[%clk 1:28:37]} Bb4 {[%clk
1:30:49]} 10. Nge2 {[%clk 1:28:49]} O-O {[%clk 1:30:16]} 11. O-O {[%clk
1:29:07]} Ne7 {[%clk 1:28:29]} 12. c5 {[%clk 1:26:08]} Qd7 {[%clk 1:21:55]} 13.
a3 {[%clk 1:21:28]} Ba5 {[%clk 1:20:06]} 14. b4 {[%clk 1:18:40]} Bc7 {[%clk
1:20:20]} 15. Qb3 {[%clk 1:15:45]} Rad8 {[%clk 1:15:39]} 16. g3 {[%clk
0:51:11]} f5 {[%clk 1:08:02]} 17. Qa4 {[%clk 0:33:49]} Qxa4 {[%clk 0:56:50]}
18. Nxa4 {[%clk 0:34:14]} f4 {[%clk 0:57:13]} 19. Rfe1 {[%clk 0:28:51]} fxg3
{[%clk 0:55:03]} 20. hxg3 {[%clk 0:29:05]} Rfe8 {[%clk 0:51:43]} 21. Nac3
{[%clk 0:26:21]} Nf5 {[%clk 0:48:21]} 22. Rad1 {[%clk 0:25:31]} Kf8 {[%clk
0:46:41]} 23. Kg2 {[%clk 0:24:34]} Rd7 {[%clk 0:42:27]} 24. Nc1 {[%clk
0:17:48]} g6 {[%clk 0:38:31]} 25. Nb3 {[%clk 0:17:04]} h5 {[%clk 0:37:41]} 26.
Re2 {[%clk 0:11:30]} Kg7 {[%clk 0:32:49]} 27. Rde1 {[%clk 0:09:34]} h4 {[%clk
0:31:52]} 28. g4 {[%clk 0:04:49]} h3+ {[%clk 0:31:21]} 29. Kh1 {[%clk 0:04:56]}
Nh4 {[%clk 0:30:58]} 30. Bxd5 {[%clk 0:01:51]} Rxd5 {[%clk 0:28:06]} 31. f3
{[%clk 0:00:35]} Nxf3 {[%clk 0:22:19]} 0-1

[Event "DVM U20 2016"]
[Site "Borken-Gemen GER"]
[Date "2016.12.29"]
[Round "6"]
[White "Wiewesiek, Timo"]
[Black "Bay, Nicolai"]
[Result "1/2-1/2"]
[Termination "normal"]
[Board "2.4"]
[WhiteElo "1903"]
[BlackElo "1977"]
[WhiteClock "00:04:43"]
[BlackClock "00:40:21"]
[WhiteTeam "SF Darmstadt"]
[BlackTeam "SC Eppingen"]
[PlyCount "59"]
[WhiteFideId "12920193"]
[BlackFideId "12927619"]
[EventCountry "GER"]
[EventRounds "7"]
[EventType "team-swiss"]
[EventDate "2016.12.26"]

1. e4 {[%clk 1:30:58]} c5 {[%clk 1:30:54]} 2. Nc3 {[%clk 1:31:22]} Nc6 {[%clk
1:31:19]} 3. Bb5 {[%clk 1:31:44]} d6 {[%clk 1:31:21]} 4. Bxc6+ {[%clk 1:32:08]}
bxc6 {[%clk 1:31:43]} 5. f4 {[%clk 1:32:22]} d5 {[%clk 1:31:13]} 6. d3 {[%clk
1:32:03]} Nf6 {[%clk 1:30:41]} 7. Nf3 {[%clk 1:32:09]} Bg4 {[%clk 1:30:01]} 8.
O-O {[%clk 1:27:10]} g6 {[%clk 1:28:15]} 9. Qe1 {[%clk 1:22:04]} Bxf3 {[%clk
1:20:12]} 10. Rxf3 {[%clk 1:22:07]} Bg7 {[%clk 1:17:17]} 11. Kh1 {[%clk
1:14:31]} O-O {[%clk 1:13:08]} 12. Rh3 {[%clk 1:05:47]} e6 {[%clk 1:11:51]} 13.
Qh4 {[%clk 0:42:54]} h5 {[%clk 1:07:22]} 14. Qe1 {[%clk 0:38:21]} Re8 {[%clk
1:05:28]} 15. Rf3 {[%clk 0:33:25]} Rb8 {[%clk 1:04:43]} 16. h3 {[%clk 0:31:57]}
Qe7 {[%clk 0:54:56]} 17. Rb1 {[%clk 0:23:26]} Nd7 {[%clk 0:52:34]} 18. Bd2
{[%clk 0:19:37]} Nb6 {[%clk 0:49:40]} 19. g4 {[%clk 0:18:55]} hxg4 {[%clk
0:49:29]} 20. hxg4 {[%clk 0:19:17]} f5 {[%clk 0:47:20]} 21. gxf5 {[%clk
0:17:55]} gxf5 {[%clk 0:46:52]} 22. e5 {[%clk 0:17:17]} Kf7 {[%clk 0:46:59]}
23. Kg2 {[%clk 0:14:39]} Rh8 {[%clk 0:46:27]} 24. Rg3 {[%clk 0:09:32]} Rh6
{[%clk 0:45:10]} 25. Qg1 {[%clk 0:08:20]} Rbh8 {[%clk 0:45:16]} 26. Kf3 {[%clk
0:07:50]} Bf8 {[%clk 0:45:02]} 27. Rf1 {[%clk 0:07:15]} Ke8 {[%clk 0:42:44]}
28. Ke2 {[%clk 0:07:02]} Qh7 {[%clk 0:41:43]} 29. Kd1 {[%clk 0:06:25]} Kf7
{[%clk 0:40:21]} 30. Ne2 {[%clk 0:04:43]} 1/2-1/2

[Event "DVM U20 2016"]
[Site "Borken-Gemen GER"]
[Date "2016.12.29"]
[Round "6"]
[White "Hahn, Cedric"]
[Black "Dittmar, Lars"]
[Result "1-0"]
[Termination "normal"]
[Board "2.5"]
[WhiteElo "1971"]
[BlackElo "1826"]
[WhiteClock "00:08:34"]
[BlackClock "00:45:54"]
[WhiteTeam "SC Eppingen"]
[BlackTeam "SF Darmstadt"]
[PlyCount "71"]
[WhiteFideId "12910538"]
[BlackFideId "12921505"]
[EventCountry "GER"]
[EventRounds "7"]
[EventType "team-swiss"]
[EventDate "2016.12.26"]

1. d4 {[%clk 1:30:57]} Nf6 {[%clk 1:30:56]} 2. Nf3 {[%clk 1:30:57]} e6 {[%clk
1:31:20]} 3. c4 {[%clk 1:26:09]} b6 {[%clk 1:31:42]} 4. g3 {[%clk 1:26:12]} Bb7
{[%clk 1:32:09]} 5. Bg2 {[%clk 1:26:24]} Be7 {[%clk 1:32:32]} 6. O-O {[%clk
1:26:15]} O-O {[%clk 1:32:19]} 7. Nc3 {[%clk 1:26:20]} d6 {[%clk 1:32:23]} 8.
b3 {[%clk 1:13:38]} Nbd7 {[%clk 1:32:27]} 9. Bb2 {[%clk 1:13:40]} c5 {[%clk
1:32:35]} 10. Qd2 {[%clk 1:05:25]} a6 {[%clk 1:30:04]} 11. Rfd1 {[%clk
1:01:30]} Qc7 {[%clk 1:29:36]} 12. Rac1 {[%clk 1:01:12]} Rfd8 {[%clk 1:28:31]}
13. Ne1 {[%clk 0:59:32]} Bxg2 {[%clk 1:27:10]} 14. Nxg2 {[%clk 0:59:34]} cxd4
{[%clk 1:25:54]} 15. Qxd4 {[%clk 0:59:54]} e5 {[%clk 1:26:16]} 16. Qd2 {[%clk
0:58:03]} Nc5 {[%clk 1:25:30]} 17. Nd5 {[%clk 0:54:59]} Nxd5 {[%clk 1:25:29]}
18. Qxd5 {[%clk 0:55:23]} Qb7 {[%clk 1:22:41]} 19. Ne3 {[%clk 0:53:50]} Bf8
{[%clk 1:21:36]} 20. Rc2 {[%clk 0:45:40]} b5 {[%clk 1:13:03]} 21. Ba3 {[%clk
0:36:48]} Qe7 {[%clk 1:09:21]} 22. Rcd2 {[%clk 0:33:40]} Qf6 {[%clk 1:06:50]}
23. cxb5 {[%clk 0:30:18]} axb5 {[%clk 1:07:03]} 24. Bxc5 {[%clk 0:30:02]} dxc5
{[%clk 1:07:20]} 25. Qxd8 {[%clk 0:29:27]} Rxd8 {[%clk 1:07:42]} 26. Rxd8
{[%clk 0:29:52]} g6 {[%clk 1:06:25]} 27. Rb8 {[%clk 0:28:15]} Kg7 {[%clk
1:03:16]} 28. Rxb5 {[%clk 0:26:37]} Qc6 {[%clk 1:01:00]} 29. a4 {[%clk
0:25:24]} Be7 {[%clk 1:00:08]} 30. Nd5 {[%clk 0:21:54]} Bd8 {[%clk 0:56:27]}
31. e4 {[%clk 0:19:54]} f5 {[%clk 0:50:03]} 32. exf5 {[%clk 0:09:20]} gxf5
{[%clk 0:50:12]} 33. Ne3 {[%clk 0:08:56]} Bg5 {[%clk 0:46:13]} 34. Nxf5+ {[%clk
0:08:58]} Kf7 {[%clk 0:46:35]} 35. Rb7+ {[%clk 0:08:54]} Kf8 {[%clk 0:45:54]}
36. Rdd7 {[%clk 0:08:34]} 1-0

[Event "DVM U20 2016"]
[Site "Borken-Gemen GER"]
[Date "2016.12.29"]
[Round "6"]
[White "Tampe, Alexander"]
[Black "Hermann, Tobias"]
[Result "1/2-1/2"]
[Termination "normal"]
[Board "2.6"]
[WhiteElo "1681"]
[BlackElo "1966"]
[WhiteClock "00:00:59"]
[BlackClock "00:39:56"]
[WhiteTeam "SF Darmstadt"]
[BlackTeam "SC Eppingen"]
[PlyCount "66"]
[WhiteFideId "12921572"]
[BlackFideId "12903701"]
[EventCountry "GER"]
[EventRounds "7"]
[EventType "team-swiss"]
[EventDate "2016.12.26"]

1. e4 {[%clk 1:30:58]} e5 {[%clk 1:30:59]} 2. Nf3 {[%clk 1:31:26]} Nc6 {[%clk
1:31:23]} 3. Bc4 {[%clk 1:31:48]} Bc5 {[%clk 1:31:46]} 4. c3 {[%clk 1:32:12]}
Nf6 {[%clk 1:32:11]} 5. d4 {[%clk 1:32:37]} exd4 {[%clk 1:32:39]} 6. cxd4
{[%clk 1:33:02]} Bb4+ {[%clk 1:33:04]} 7. Bd2 {[%clk 1:33:15]} Nxe4 {[%clk
1:33:02]} 8. Bxb4 {[%clk 1:17:45]} Nxb4 {[%clk 1:33:19]} 9. Qb3 {[%clk
1:18:10]} d5 {[%clk 1:33:42]} 10. Qxb4 {[%clk 1:13:06]} dxc4 {[%clk 1:33:47]}
11. Qxc4 {[%clk 1:13:26]} O-O {[%clk 1:33:46]} 12. O-O {[%clk 1:13:42]} Be6
{[%clk 1:33:57]} 13. Qc2 {[%clk 1:13:34]} Bf5 {[%clk 1:25:49]} 14. Re1 {[%clk
1:00:49]} Nd6 {[%clk 1:25:29]} 15. Qb3 {[%clk 0:59:20]} c6 {[%clk 1:24:55]} 16.
Nc3 {[%clk 0:53:51]} Qc7 {[%clk 1:25:12]} 17. Rad1 {[%clk 0:52:33]} Rfe8 {[%clk
1:25:20]} 18. Re5 {[%clk 0:44:11]} Bg4 {[%clk 1:16:10]} 19. Rd3 {[%clk
0:31:56]} Rad8 {[%clk 1:15:11]} 20. h3 {[%clk 0:27:37]} Bxf3 {[%clk 1:08:19]}
21. Rxf3 {[%clk 0:27:31]} g6 {[%clk 1:08:34]} 22. Rfe3 {[%clk 0:26:36]} Rxe5
{[%clk 1:08:02]} 23. dxe5 {[%clk 0:25:50]} Nf5 {[%clk 1:08:30]} 24. Re1 {[%clk
0:25:18]} Kg7 {[%clk 1:05:11]} 25. Qc4 {[%clk 0:20:10]} Rd4 {[%clk 1:03:26]}
26. Qe2 {[%clk 0:18:18]} Rd8 {[%clk 1:00:00]} 27. Qc4 {[%clk 0:15:40]} Qb6
{[%clk 0:59:26]} 28. Na4 {[%clk 0:08:46]} Qa5 {[%clk 0:57:12]} 29. Nc3 {[%clk
0:07:28]} Rd4 {[%clk 0:57:40]} 30. Qe2 {[%clk 0:07:27]} Rd7 {[%clk 0:54:27]}
31. Qf3 {[%clk 0:04:48]} Qd8 {[%clk 0:53:04]} 32. Ne4 {[%clk 0:00:57]} Rd3
{[%clk 0:51:50]} 33. Qf4 {[%clk 0:00:59]} Rd1 {[%clk 0:39:56]} 1/2-1/2

[Event "DVM U20 2016"]
[Site "Borken-Gemen GER"]
[Date "2016.12.29"]
[Round "6"]
[White "Sabirov, Ramil"]
[Black "Beeck, Mats"]
[Result "1/2-1/2"]
[Termination "normal"]
[Board "3.2"]
[WhiteElo "1996"]
[BlackElo "2161"]
[WhiteClock "00:47:00"]
[BlackClock "01:24:01"]
[WhiteTeam "SG Porz"]
[BlackTeam "SK Doppelbauer Kiel"]
[PlyCount "41"]
[WhiteFideId "12900303"]
[BlackFideId "12936944"]
[EventCountry "GER"]
[EventRounds "7"]
[EventType "team-swiss"]
[EventDate "2016.12.26"]

1. d4 {[%clk 1:30:58]} Nf6 {[%clk 1:30:52]} 2. g3 {[%clk 1:31:23]} d5 {[%clk
1:30:54]} 3. Bg2 {[%clk 1:31:34]} c6 {[%clk 1:31:12]} 4. Nf3 {[%clk 1:30:27]}
Bg4 {[%clk 1:30:20]} 5. O-O {[%clk 1:29:13]} Nbd7 {[%clk 1:30:18]} 6. b3 {[%clk
1:23:41]} e6 {[%clk 1:30:35]} 7. Bb2 {[%clk 1:23:50]} Bd6 {[%clk 1:30:36]} 8.
Ne5 {[%clk 1:19:03]} Bh5 {[%clk 1:30:27]} 9. Qe1 {[%clk 1:14:37]} O-O {[%clk
1:27:48]} 10. Nd2 {[%clk 1:12:51]} Qc7 {[%clk 1:27:20]} 11. Nxd7 {[%clk
1:09:45]} Qxd7 {[%clk 1:27:37]} 12. e4 {[%clk 1:08:19]} dxe4 {[%clk 1:27:39]}
13. Nxe4 {[%clk 1:08:03]} Nxe4 {[%clk 1:28:03]} 14. Qxe4 {[%clk 1:05:44]} Bg6
{[%clk 1:27:59]} 15. Qe2 {[%clk 1:06:03]} Rfe8 {[%clk 1:27:39]} 16. Rfe1 {[%clk
0:59:50]} Qe7 {[%clk 1:25:50]} 17. c4 {[%clk 0:55:56]} Bb4 {[%clk 1:24:34]} 18.
Red1 {[%clk 0:54:44]} Ba3 {[%clk 1:24:32]} 19. Bc3 {[%clk 0:49:18]} Bb4 {[%clk
1:24:50]} 20. Bb2 {[%clk 0:48:16]} Ba3 {[%clk 1:24:01]} 21. Bc3 {[%clk
0:47:00]} 1/2-1/2

[Event "DVM U20 2016"]
[Site "Borken-Gemen GER"]
[Date "2016.12.29"]
[Round "6"]
[White "Rieper, Julian"]
[Black "Padva, Leo"]
[Result "1/2-1/2"]
[Termination "normal"]
[Board "3.3"]
[WhiteElo "2029"]
[BlackElo "1937"]
[WhiteClock "00:40:46"]
[BlackClock "00:55:23"]
[WhiteTeam "SK Doppelbauer Kiel"]
[BlackTeam "SG Porz"]
[PlyCount "44"]
[WhiteFideId "12936960"]
[BlackFideId "12964379"]
[EventCountry "GER"]
[EventRounds "7"]
[EventType "team-swiss"]
[EventDate "2016.12.26"]

1. e4 {[%clk 1:30:57]} c5 {[%clk 1:30:46]} 2. Ne2 {[%clk 1:26:18]} d6 {[%clk
1:31:06]} 3. Nbc3 {[%clk 1:25:29]} Nf6 {[%clk 1:31:17]} 4. g3 {[%clk 1:17:30]}
e5 {[%clk 1:31:03]} 5. Bg2 {[%clk 1:17:29]} g6 {[%clk 1:28:56]} 6. d3 {[%clk
1:15:38]} Bg7 {[%clk 1:28:29]} 7. O-O {[%clk 1:15:33]} Nc6 {[%clk 1:27:20]} 8.
Be3 {[%clk 1:13:56]} O-O {[%clk 1:26:22]} 9. Qc1 {[%clk 1:10:05]} Nd4 {[%clk
1:24:02]} 10. Re1 {[%clk 1:04:28]} Bg4 {[%clk 1:20:02]} 11. h3 {[%clk 1:00:33]}
Bf3 {[%clk 1:11:36]} 12. Bf1 {[%clk 0:59:29]} Qd7 {[%clk 1:11:32]} 13. Kh2
{[%clk 0:58:57]} Bxe2 {[%clk 1:02:35]} 14. Bxe2 {[%clk 0:59:12]} b5 {[%clk
1:02:29]} 15. Bd1 {[%clk 0:53:48]} b4 {[%clk 1:02:15]} 16. Nb1 {[%clk 0:52:57]}
a5 {[%clk 0:59:00]} 17. c3 {[%clk 0:51:15]} Ne6 {[%clk 0:59:23]} 18. Bh6 {[%clk
0:47:35]} Rfe8 {[%clk 0:59:17]} 19. Bxg7 {[%clk 0:47:57]} Kxg7 {[%clk 0:59:22]}
20. Bf3 {[%clk 0:44:33]} h6 {[%clk 0:58:04]} 21. Qe3 {[%clk 0:42:00]} Rab8
{[%clk 0:55:46]} 22. Nd2 {[%clk 0:40:46]} a4 {[%clk 0:55:23]} 1/2-1/2

[Event "DVM U20 2016"]
[Site "Borken-Gemen GER"]
[Date "2016.12.29"]
[Round "6"]
[White "Spindler, Florian"]
[Black "Wanner, Lukas"]
[Result "1/2-1/2"]
[Termination "normal"]
[Board "3.4"]
[WhiteElo "1893"]
[BlackElo "2020"]
[WhiteClock "01:01:15"]
[BlackClock "00:50:52"]
[WhiteTeam "SG Porz"]
[BlackTeam "SK Doppelbauer Kiel"]
[PlyCount "52"]
[WhiteFideId "12964387"]
[BlackFideId "12918148"]
[EventCountry "GER"]
[EventRounds "7"]
[EventType "team-swiss"]
[EventDate "2016.12.26"]

1. e4 {[%clk 1:30:57]} c5 {[%clk 1:30:53]} 2. Nf3 {[%clk 1:31:23]} g6 {[%clk
1:31:14]} 3. d4 {[%clk 1:31:48]} cxd4 {[%clk 1:31:38]} 4. Qxd4 {[%clk 1:32:12]}
Nf6 {[%clk 1:31:54]} 5. Nc3 {[%clk 1:32:36]} Nc6 {[%clk 1:31:13]} 6. Qa4 {[%clk
1:33:01]} d6 {[%clk 1:30:59]} 7. e5 {[%clk 1:33:25]} dxe5 {[%clk 1:31:22]} 8.
Nxe5 {[%clk 1:33:50]} Bd7 {[%clk 1:31:22]} 9. Nxd7 {[%clk 1:34:15]} Qxd7 {[%clk
1:31:27]} 10. Be3 {[%clk 1:34:00]} Bg7 {[%clk 1:23:46]} 11. Rd1 {[%clk
1:34:22]} Qg4 {[%clk 1:19:09]} 12. Qb5 {[%clk 1:27:50]} Qb4 {[%clk 1:18:22]}
13. g3 {[%clk 1:17:16]} O-O {[%clk 1:16:55]} 14. Bg2 {[%clk 1:17:20]} Ng4
{[%clk 1:14:40]} 15. Bxc6 {[%clk 1:11:02]} Bxc3+ {[%clk 1:14:25]} 16. Bd2
{[%clk 1:11:19]} Qxb5 {[%clk 1:08:11]} 17. Bxb5 {[%clk 1:11:35]} Bxd2+ {[%clk
1:07:43]} 18. Rxd2 {[%clk 1:11:41]} Rfd8 {[%clk 1:07:40]} 19. Rxd8+ {[%clk
1:10:34]} Rxd8 {[%clk 1:07:58]} 20. Ke2 {[%clk 1:09:22]} e5 {[%clk 1:04:18]}
21. f3 {[%clk 1:07:58]} Nh6 {[%clk 0:59:52]} 22. Rd1 {[%clk 1:06:09]} Rxd1
{[%clk 1:00:00]} 23. Kxd1 {[%clk 1:06:34]} Nf5 {[%clk 0:59:24]} 24. Bd3 {[%clk
1:03:35]} Nd4 {[%clk 0:54:05]} 25. Be4 {[%clk 1:02:43]} b6 {[%clk 0:53:54]} 26.
a4 {[%clk 1:01:15]} Kf8 {[%clk 0:50:52]} 1/2-1/2

[Event "DVM U20 2016"]
[Site "Borken-Gemen GER"]
[Date "2016.12.29"]
[Round "6"]
[White "Nahnsen, Kenneth"]
[Black "Niesel, Tobias"]
[Result "1/2-1/2"]
[Termination "normal"]
[Board "3.5"]
[WhiteElo "2024"]
[BlackElo "1887"]
[WhiteClock "00:51:50"]
[BlackClock "01:06:44"]
[WhiteTeam "SK Doppelbauer Kiel"]
[BlackTeam "SG Porz"]
[PlyCount "42"]
[WhiteFideId "12957119"]
[BlackFideId "12962155"]
[EventCountry "GER"]
[EventRounds "7"]
[EventType "team-swiss"]
[EventDate "2016.12.26"]

1. e4 {[%clk 1:30:58]} c6 {[%clk 1:30:55]} 2. Nc3 {[%clk 1:31:23]} d5 {[%clk
1:31:11]} 3. Qe2 {[%clk 1:31:48]} dxe4 {[%clk 1:27:49]} 4. Nxe4 {[%clk
1:32:12]} Bf5 {[%clk 1:28:11]} 5. d3 {[%clk 1:32:20]} e6 {[%clk 1:28:07]} 6. g4
{[%clk 1:32:37]} Bxe4 {[%clk 1:28:26]} 7. dxe4 {[%clk 1:33:02]} Qb6 {[%clk
1:28:05]} 8. Bg2 {[%clk 1:31:17]} Nf6 {[%clk 1:25:50]} 9. g5 {[%clk 1:29:53]}
Nfd7 {[%clk 1:26:07]} 10. Nf3 {[%clk 1:29:05]} Na6 {[%clk 1:25:17]} 11. c3
{[%clk 1:24:31]} Bd6 {[%clk 1:21:15]} 12. Be3 {[%clk 1:24:18]} Qc7 {[%clk
1:21:37]} 13. O-O-O {[%clk 1:23:26]} Nac5 {[%clk 1:18:15]} 14. Bd4 {[%clk
1:06:04]} e5 {[%clk 1:16:15]} 15. Bxc5 {[%clk 1:04:51]} Nxc5 {[%clk 1:15:49]}
16. Bh3 {[%clk 1:02:28]} Ne6 {[%clk 1:15:25]} 17. Bxe6 {[%clk 0:51:50]} fxe6
{[%clk 1:15:51]} 18. Qc4 {[%clk 0:52:16]} Qe7 {[%clk 1:16:00]} 19. Rd3 {[%clk
0:52:24]} O-O {[%clk 1:15:58]} 20. Rhd1 {[%clk 0:52:07]} Rad8 {[%clk 1:15:14]}
21. h4 {[%clk 0:51:50]} Kh8 {[%clk 1:06:44]} 1/2-1/2